00932nam a2200253 i 450000100060000000300090000600500170001500800390003201500180007104000280008904100130011708000110013010000450014124500920018624600590027826000550033730000330039238000170042565500260044265000160046871000410048470000550052585600980058013131KOSZ 00520220712140321.0071005s1968 pl a g 000 0 pol aPB 1968/10151 aWA NcWA NdKOSZ 005/RW1 apolhfre a621.381 aOehmichen, Jean Pierred(1922- ).eAutor10aElektronika... ależ to nic prostszego! /cJ. P. Oehmichen ; [tł. z fr. M. Rajewski].1 iTyt. oryg.:aL'électronique?... rien de plus simple! aWarszawa :bWydawnictwa Naukowo-Techniczne,c1968. a205, [2] s. :bil. ;c24 cm. aKsiążki. 4aWydawnictwa popularne 4aElektronika2 aWydawnictwa Naukowo-Techniczne4pbl.1 aRajewski, Marianc(nauki techniczne)eTłumaczenie uhttp://koha.tu.koszalin.pl/cgi-bin/koha/opac-detail.pl?biblionumber=13131yKatalog online BPK